000 00479nam a2200181Ia 4500
001 1658
005 20260306143744.0
008 260306t2004||||xx |||||||||||||| ||spa||
041 _aESP
082 _a153.9
_bS79A
100 _aStrenberg, Robert J. (Coord.)
_eAUT
245 0 _a¿Qué es la inteligencia?:
_bEnfoque actual de su naturaleza y definición
260 _c2004
300 _a205 páginas :
_c21 cm.
650 _aGEN
654 _aCPS
942 _cLIB
_dJUS
_fJUS
_2ddc
_n
999 _c1658
_d1658